[Event "FRA-ch U08"]
[Site "Le Grand Bornand"]
[Date "2007.04.??"]
[Round "8"]
[White "Chevalier, Ezio"]
[Black "Guines, Dylan"]
[Result "0-1"]
[WhiteElo "1330"]
[BlackElo "1009"]
[PlyCount "132"]
[EventDate "2007.04.07"]
[EventType "swiss"]
[EventRounds "9"]
[EventCountry "FRA"]
[SourceTitle "CBM 118 Extra"]
[Source "ChessBase"]
[SourceDate "2007.07.04"]
[SourceVersion "1"]
[SourceVersionDate "2007.07.04"]
[SourceQuality "1"]

1. d4 d5 2. c4 e6 3. Nc3 Nf6 4. Nf3 Be7 5. Bg5 0-0 6. e3 Nbd7 7. Bd3 c6 8. Bc2 dxc4 9. b3 cxb3 10. axb3 Bb4 11. Qd3 b6 12. 0-0 c5 13. Ne4 cxd4 14. Nxf6+ Nxf6 15. Bxf6 g6 16. Bxd8 Rxd8 17. Ne5 Bb7 18. h3 Rd5 19. exd4 Rad8 20. Rxa7 Rxd4 21. Qb5 Ba8 22. Nc6 Bxc6 23. Qxc6 Bd6 24. Rd7 Rxd7 25. Qxd7 Bh2+ 26. Kxh2 Rxd7 27. Rd1 Rc7 28. Be4 f5 29. Bf3 e5 30. Bd5+ Kg7 31. g3 b5 32. f4 e4 33. g4 Rc5 34. gxf5 gxf5 35. b4 Rc2+ 36. Kg3 e3 37. Kh4 e2 38. Re1 Rb2 39. Kg5 Rxb4 40. Rxe2 Rd4 41. Bc6 b4 42. Kxf5 Rd6 43. Be4 b3 44. Ke5 Rb6 45. Re1 b2 46. h4 h5 47. f5 Kf7 48. Kd4 Kf6 49. Rg1 Rb4+ 50. Ke3 Ke5 51. Ba8 b1Q 52. Rxb1 Rxb1 53. Bf3 Kxf5 54. Bxh5 Rh1 55. Bf3 Rxh4 56. Ba8 Ra4 57. Bb7 Ra3+ 58. Kd4 Ra4+ 59. Kc5 Ke5 60. Kb5 Ra1 61. Bc8 Kd5 62. Kb6 Rb1+ 63. Kc7 Rc1+ 64. Kd8 Kd6 65. Bd7 Rh1 66. Be8 Rh8 0-1